Las autoridades de aplicación en las políticas de igualdad y no violencia respecto de las mujeres y niñas (y una visión balanceada de la estructura estatal) (Registro nro. 32423)
[ vista simple ]
| 000 -LEADER | |
|---|---|
| fixed length control field | 00463 a2200109 4500 |
| 001 - CONTROL NUMBER | |
| control field | ART_47865 |
| 005 - DATE AND TIME OF LATEST TRANSACTION | |
| control field | 20260410162013.0 |
| 008 - FIXED-LENGTH DATA ELEMENTS--GENERAL INFORMATION | |
| fixed length control field | 260409a |
| 100 1# - MAIN ENTRY--PERSONAL NAME | |
| Personal name | Caputi, María Claudia |
| 245 10 - TITLE STATEMENT | |
| Title | Las autoridades de aplicación en las políticas de igualdad y no violencia respecto de las mujeres y niñas (y una visión balanceada de la estructura estatal) |
| 773 0# - HOST ITEM ENTRY | |
| Title | Temas de derecho administrativo |
| Related parts | - Año 3, N° 11 (nov. 2018) |
| Record control number | REV40468 |
No hay ítems disponibles.